Pakistan Country Quiz - Statistics

General Stats
  • This quiz has been taken 112 times
  • The average score is 10 of 15
Answer Stats
Question Answer % Correct
What is its flag's most predominant colour? Green
97%
What is the capital? Islamabad
97%
Which sport is the most popular that the above played? Cricket
94%
What is the most populated city? Karachi
94%
What is its highest mountain? K2
85%
What region is claimed by Pakistan, India and China? Kashmir
85%
When did Pakistan gain independence from India? 1947
84%
How many Nobel Prizes have Pakistanis gained? 2
82%
What is its longest river? Indus
81%
When did East Pakistan split and become Bangladesh? 1971
73%
Who is the current Prime Minister? Imran Khan
72%
What is Pakistan's national animal? Markhor
38%
What is the name of the world's longest paved highway that is in Pakistan? Karakoram
20%
Which US president visited Pakistan in 1981? Barack Obama
17%
What does the name Pakistan mean? Land of the Pure
16%
No matching quizzes found
Score Distribution
Percent of People with Each Score
Percentile by Number Answered
Your Score History
You have not taken this quiz